00452 2200169 4500001002100000008004100021035002000062245004500082100002100127260004200148300002600190020002200216084001400238082000800252650001000260990001200270INLIS000000000001427 Ind  a0010-0924000024 aKalau Baper Makan DulucNikmatus Solikha aSolkha, Nikmatus aJakartabPT. Falcon Interactivec2017 a334 hlmc14 x 20,5 cm a978-602-6714-00-8 a813 NIK k a813 aFiksi a0750928